Авторы XXI века. [2019: Февраль (Запись № 11416992)

Подробности
000 -МАРКЕР
контрольное поле 01516nam2a2200277 4500
001 - ИДЕНТИФИКАТОР ЗАПИСИ
контрольное поле RU\NLR\BIBL_A\012003658
005 - ИДЕНТИФИКАТОР ВЕРСИИ
контрольное поле 20190523142200.0
010 ## - МЕЖДУНАРОДНЫЙ СТАНДАРТНЫЙ НОМЕР КНИГИ (ISBN)
Номер (ISBN) 978-5-907122-43-7
021 ## - НОМЕР ГОСУДАРСТВЕННОЙ РЕГИСТРАЦИИ
Код страны Российская Федерация
Номер КН-П-19-024896
Номер Листа государственной регистраци КН-П-19-1882
035 ## - ДРУГИЕ СИСТЕМНЫЕ НОМЕРА
Идентификатор записи (NLR Aleph) 012003658
035 ## - ДРУГИЕ СИСТЕМНЫЕ НОМЕРА
Идентификатор записи (RuMoRGB)009939984
100 ## - ДАННЫЕ ОБЩЕЙ ОБРАБОТКИ
Данные общей обработки 20190430d2019 u y0rusy50 ca
101 0# - ЯЗЫК РЕСУРСА
Язык текста, звукозаписи и т.д. русский
102 ## - СТРАНА ПУБЛИКАЦИИ ИЛИ ПРОИЗВОДСТВА
Страна публикации Российская Федерация
105 ## - ПОЛЕ КОДИРОВАННЫХ ДАННЫХ: ТЕКСТОВЫЕ МАТЕРИАЛЫ, МОНОГРАФИЧЕСКИЕ
Кодированные данные о монографическом текстовом документе y|||z|||000 y
200 1# - ЗАГЛАВИЕ И СВЕДЕНИЯ ОБ ОТВЕТСТВЕННОСТИ
Основное заглавие Февраль
Первые сведения об ответственности составитель: Эдуард Малыкин]
210 ## - ПУБЛИКАЦИЯ, РАСПРОСТРАНЕНИЕ И ДР.
Дата издания, распространения и т.д. 2019
215 ## - ФИЗИЧЕСКАЯ ХАРАКТЕРИСТИКА
Специфическое обозначение материала и объем 181 с.
327 0# - ПРИМЕЧАНИЯ О СОДЕРЖАНИИ
Текст примечания Содерж.: авт.: Стихи: Елена Евдокимова, Раиса Манухина, Ольга Масалкина, Сергей Борисов, Ольга Ильина [и др.]; Проза: Галина Веч, Ольга Романеева, Арина Боброва, Полина Кипрушёва, Анастасия Шелег [и др.]
461 #0 - УРОВЕНЬ НАБОРА
Встроенное поле 001RU\NLR\BIBL_A\011779769
-- 2001#$aАвторы XXI века$e[проза и стихи$eсборник$fсоставитель: Яна Малыкина]$v[2019
Системный номер (АБИС) связанной записи 11770231
Место публикации [Б. м.]
Дата публикации 2018
Первые сведения об ответственности составитель: Яна Малыкина]
Имя издателя, распространителя и т.д. Издательский проект ЛитКульта
Сведения, относящиеся к заглавию [проза и стихи : сборник
Заглавие Авторы XXI века
Номер тома [2019
702 #1 - ИМЯ ЛИЦА - ВТОРИЧНАЯ ОТВЕТСТВЕННОСТЬ
Начальный элемент ввода Малыкин
Часть имени, кроме начального элемента ввода Э. Г.
Даты 1984-
Расширение инициалов личного имени Эдуард Григорьевич
Код отношения Составитель
942 ## - ДОПОЛНИТЕЛЬНЫЕ ЭЛЕМЕНТЫ ЗАПИСИ (АБИС)
Тип экземпляра АБИС Книга
980 ## - КОЛЛЕКЦИЯ
Название коллекции Национальная библиография
Экземпляры
Тип экземпляра Дата поступления Источник поступления Библиотека постоянного хранения Библиотека текущего хранения Место хранения Шифр хранения Штрих-код Статус экземпляра
Книга 30.04.2019 Обязательный экземпляр РНБ (Московский) РНБ (Московский) Русский книжный фонд: издания с 1957 года 2018-3/18293 1-2724839  
Книга 30.04.2019 Обязательный экземпляр РНБ (Московский) РНБ (Московский) Русский книжный фонд: издания с 1957 года 2018-3/18293 1-2724840